[Event "XII. DBMM Schach"]
[Site "Berlin"]
[Date "2012.10.13"]
[Round "5.2"]
[White "Haas, Peter"]
[Black "Beltz, Franziska"]
[Result "1/2-1/2"]
[WhiteElo "2074"]
[BlackElo "2125"]
[Annotator "br"]
[PlyCount "21"]
[EventDate "2012.??.??"]
[Source "FV Schach e.V."]
[SourceDate "2012.10.14"]
[WhiteTeam "ADAC Muenchen"]
[BlackTeam "Emco GmbH Leipzig"]
[WhiteTeamCountry "GER"]
[BlackTeamCountry "GER"]

1. d4 Nf6 2. Nf3 g6 3. c4 Bg7 4. Nc3 d5 5. Bg5 Ne4 6. Bh4 Nxc3 7. bxc3 c5 8. e3
Nc6 9. cxd5 Qxd5 10. Be2 O-O 11. O-O 1/2-1/2

[Event "XII. DBMM Schach"]
[Site "Berlin"]
[Date "2012.10.13"]
[Round "5.4"]
[White "Gempe, Anet"]
[Black "Beltz, Martina"]
[Result "1/2-1/2"]
[WhiteElo "2012"]
[BlackElo "2097"]
[Annotator "br"]
[PlyCount "30"]
[EventDate "2012.??.??"]
[Source "FV Schach e.V."]
[SourceDate "2012.10.14"]
[WhiteTeam "ADAC Muenchen"]
[BlackTeam "Emco GmbH Leipzig"]
[WhiteTeamCountry "GER"]
[BlackTeamCountry "GER"]

1. e4 c5 2. Nf3 d6 3. d4 cxd4 4. Nxd4 Nf6 5. Nc3 e6 6. Be2 Be7 7. Be3 a6 8. O-O
O-O 9. Kh1 Nbd7 10. Nb3 Qc7 11. f3 b5 12. a3 Bb7 13. Qe1 Ne5 14. Rd1 Rfd8 15.
Qg3 Nc4 1/2-1/2

[Event "XII. DBMM Schach"]
[Site "Berlin"]
[Date "2012.10.13"]
[Round "5.1"]
[White "Gottschalk, Jens"]
[Black "Bruedigam, Martin"]
[Result "1-0"]
[WhiteElo "2269"]
[BlackElo "2419"]
[Annotator "br"]
[PlyCount "79"]
[EventDate "2012.??.??"]
[Source "FV Schach e.V."]
[SourceDate "2012.10.14"]
[WhiteTeam "R+V Vers. Wiesbaden"]
[BlackTeam "SG Bund Berlin"]
[WhiteTeamCountry "GER"]
[BlackTeamCountry "GER"]

1. d4 Nf6 2. c4 g6 3. Nc3 d5 4. cxd5 Nxd5 5. e4 Nxc3 6. bxc3 Bg7 7. Bc4 c5 8.
Ne2 Nc6 9. Be3 O-O 10. O-O Qc7 11. Rc1 Rd8 12. f3 b6 13. Qc2 e6 14. e5 Bb7 15.
Rfd1 Rac8 16. Bd3 Na5 17. Qb2 cxd4 18. cxd4 Qd7 19. Bg5 Re8 20. Bb5 Bc6 21. Ba6
Rb8 22. Bd2 Bb7 23. Bb5 Nc6 24. Be3 a6 25. Bd3 b5 26. Ng3 Ne7 27. Ne4 Bxe4 28.
fxe4 Rec8 29. Qa3 Rxc1 30. Rxc1 Qb7 31. Qd6 Bf8 32. Rc7 Qb6 33. Qxb6 Rxb6 34.
d5 Rb8 35. d6 Nc8 36. Bc5 f6 37. Kf1 Nb6 38. Bxb6 Rxb6 39. d7 Be7 40. exf6 1-0

[Event "XII. DBMM Schach"]
[Site "Berlin"]
[Date "2012.10.13"]
[Round "5.2"]
[White "Schnabel, Ralf"]
[Black "Bach, Matthias"]
[Result "1-0"]
[WhiteElo "2226"]
[BlackElo "2263"]
[Annotator "br"]
[PlyCount "67"]
[EventDate "2012.??.??"]
[Source "FV Schach e.V."]
[SourceDate "2012.10.14"]
[WhiteTeam "SG Bund Berlin"]
[BlackTeam "R+V Vers. Wiesbaden"]
[WhiteTeamCountry "GER"]
[BlackTeamCountry "GER"]

1. e4 d6 2. d4 Nd7 3. Nc3 c5 4. Be3 b6 5. Qd2 Ngf6 6. f3 a6 7. O-O-O Bb7 8. g4
cxd4 9. Qxd4 h6 10. h4 e5 11. Qd2 b5 12. Nh3 Nb6 13. g5 Nfd7 14. g6 f6 15. f4
Qc7 16. Bg2 Nc4 17. Qf2 Rc8 18. Rd3 Nxe3 19. Rxe3 Nb6 20. Rd1 Nc4 21. Red3 Qa5
22. Qa7 Qb4 23. R1d2 Qxb2+ 24. Kd1 Na5 25. Nd5 Qb1+ 26. Ke2 Rxc2 27. Nb6 d5 28.
Qb8+ Ke7 29. exd5 e4 30. Bxe4 Rxd2+ 31. Kxd2 Qxa2+ 32. Ke1 Qa1+ 33. Kf2 f5 34.
Qc7+ 1-0

[Event "XII. DBMM Schach"]
[Site "Berlin"]
[Date "2012.10.13"]
[Round "5.3"]
[White "Werner, Gregor"]
[Black "Haseloff, Harald"]
[Result "1/2-1/2"]
[WhiteElo "2172"]
[BlackElo "2145"]
[Annotator "br"]
[PlyCount "89"]
[EventDate "2012.??.??"]
[Source "FV Schach e.V."]
[SourceDate "2012.10.14"]
[WhiteTeam "R+V Vers. Wiesbaden"]
[BlackTeam "SG Bund Berlin"]
[WhiteTeamCountry "GER"]
[BlackTeamCountry "GER"]

1. d4 d6 2. e4 c6 3. Nc3 e5 4. Nf3 Qc7 5. Bc4 Be7 6. O-O Nf6 7. dxe5 dxe5 8. h3
O-O 9. a4 b6 10. Qe2 a5 11. Nh4 Ba6 12. Nf5 Bb4 13. Bg5 Ne8 14. Rad1 Nd6 15.
Nxd6 Bxd6 16. Rd2 Bxc4 17. Qxc4 Bc5 18. Rfd1 h6 19. Bh4 g5 20. Bg3 Qe7 21. Ne2
Ra7 22. Bh2 Rd7 23. Ng3 Rfd8 24. Rd3 Rxd3 25. Rxd3 Rxd3 26. Qxd3 Kh7 27. Nf5
Qd6 28. b3 f6 29. Kf1 Qd7 30. Qxd7+ Nxd7 31. f3 h5 32. Ke2 h4 33. Kf1 Kg6 34.
Bg1 Bxg1 35. Kxg1 Kf7 36. Kf2 Ke6 37. Ke2 b5 38. axb5 cxb5 39. Ne3 Nb6 40. Kd3
Kd6 41. c3 a4 42. bxa4 Nxa4 43. Nd5 Nc5+ 44. Ke3 Nd7 45. Kd3 1/2-1/2

[Event "XII. DBMM Schach"]
[Site "Berlin"]
[Date "2012.10.13"]
[Round "5.4"]
[White "Heuer, Thomas"]
[Black "Schmitt, Carsten"]
[Result "1/2-1/2"]
[WhiteElo "2209"]
[BlackElo "2001"]
[Annotator "br"]
[PlyCount "28"]
[EventDate "2012.??.??"]
[Source "FV Schach e.V."]
[SourceDate "2012.10.14"]
[WhiteTeam "SG Bund Berlin"]
[BlackTeam "R+V Vers. Wiesbaden"]
[WhiteTeamCountry "GER"]
[BlackTeamCountry "GER"]

1. d4 d5 2. Nf3 e6 3. c4 c5 4. cxd5 exd5 5. Nc3 Nc6 6. g3 Nf6 7. Bg2 Be7 8. O-O
O-O 9. Bg5 c4 10. Ne5 Be6 11. b3 Qa5 12. Na4 Rfd8 13. Nxc6 bxc6 14. Qc2 Rac8
1/2-1/2

[Event "XII. DBMM Schach"]
[Site "Berlin"]
[Date "2012.10.13"]
[Round "5.1"]
[White "Heerde, Thomas"]
[Black "Kropman, Alexei"]
[Result "1-0"]
[WhiteElo "1965"]
[BlackElo "2105"]
[Annotator "br"]
[PlyCount "69"]
[EventDate "2012.??.??"]
[Source "FV Schach e.V."]
[SourceDate "2012.10.14"]
[WhiteTeam "SV Senat Berlin III"]
[BlackTeam "SV Senat Berlin II"]
[WhiteTeamCountry "GER"]
[BlackTeamCountry "GER"]

1. Nf3 d5 2. g3 Nf6 3. Bg2 Bg4 4. O-O e6 5. d3 Nbd7 6. Nbd2 Bd6 7. h3 Bh5 8. e4
c6 9. Qe2 Qc7 10. Re1 dxe4 11. dxe4 e5 12. Nc4 Bc5 13. g4 Bg6 14. Nfd2 O-O-O
15. a3 h5 16. g5 Nh7 17. Nf3 Nhf8 18. Nh4 Ne6 19. c3 Be7 20. Nxg6 fxg6 21. h4
Rhf8 22. b4 Nf4 23. Qf1 Kb8 24. Be3 Rf7 25. Rad1 Nf8 26. Bh3 N8e6 27. Bxe6 Nxe6
28. Rxd8+ Bxd8 29. Rd1 b5 30. Qh3 Nxg5 31. Bxg5 Bxg5 32. Na5 Bxh4 33. Qxh4 Rd7
34. Rxd7 Qxd7 35. Qg3 1-0

[Event "XII. DBMM Schach"]
[Site "Berlin"]
[Date "2012.10.13"]
[Round "5.2"]
[White "Major, Vitalij"]
[Black "Hahlbohm, Matthias"]
[Result "1-0"]
[WhiteElo "2076"]
[BlackElo "2002"]
[Annotator "br"]
[PlyCount "125"]
[EventDate "2012.??.??"]
[Source "FV Schach e.V."]
[SourceDate "2012.10.14"]
[WhiteTeam "SV Senat Berlin II"]
[BlackTeam "SV Senat Berlin III"]
[WhiteTeamCountry "GER"]
[BlackTeamCountry "GER"]

1. e4 e6 2. d4 d5 3. Nd2 Nf6 4. e5 Nfd7 5. f4 c5 6. c3 Nc6 7. Ndf3 Qb6 8. g3
cxd4 9. cxd4 Bb4+ 10. Kf2 O-O 11. Kg2 Be7 12. Bd3 f5 13. Ne2 Re8 14. h3 Nf8 15.
g4 Ng6 16. gxf5 exf5 17. h4 Bf8 18. b3 Be6 19. Be3 Rac8 20. h5 Nge7 21. Ng5 Nd8
22. Rc1 Nf7 23. Nxf7 Kxf7 24. Ng3 Kg8 25. Rxc8 Rxc8 26. Qb1 g6 27. hxg6 hxg6
28. Ne2 Nc6 29. Qb2 Qa5 30. Ng1 Kg7 31. Nf3 Be7 32. Bb1 Rh8 33. Rxh8 Kxh8 34.
Bf2 Qd8 35. Qc1 Kg7 36. Qe1 Qh8 37. Qh1 Qxh1+ 38. Kxh1 Kh6 39. Kg2 g5 40. fxg5+
Bxg5 41. Ne1 Bd2 42. Nd3 b6 43. Kf3 Kg5 44. Be3+ Bxe3 45. Kxe3 Ne7 46. Nf4 Bd7
47. Bd3 Bc6 48. Be2 Ng6 49. Nxg6 Kxg6 50. Kf4 Bd7 51. Bd3 Be6 52. Bc2 Bd7 53.
e6 Bxe6 54. Ke5 Bc8 55. Kxd5 Kf6 56. Kc6 f4 57. d5 f3 58. Bd3 Bf5 59. Bc4 Ke7
60. Kc7 Bd7 61. d6+ Ke8 62. a4 f2 63. Bf1 1-0

[Event "XII. DBMM Schach"]
[Site "Berlin"]
[Date "2012.10.13"]
[Round "5.3"]
[White "Bolk, Matthias"]
[Black "Albrecht, Rainer"]
[Result "1/2-1/2"]
[WhiteElo "2045"]
[BlackElo "2122"]
[Annotator "br"]
[PlyCount "29"]
[EventDate "2012.??.??"]
[Source "FV Schach e.V."]
[SourceDate "2012.10.14"]
[WhiteTeam "SV Senat Berlin III"]
[BlackTeam "SV Senat Berlin II"]
[WhiteTeamCountry "GER"]
[BlackTeamCountry "GER"]

1. g3 f5 2. Bg2 Nf6 3. d3 d6 4. Nc3 e5 5. Bg5 Be7 6. e4 c6 7. Nge2 O-O 8. f4
Ng4 9. Bxe7 Qxe7 10. Qd2 exf4 11. Nxf4 fxe4 12. dxe4 Ne5 13. O-O-O Rd8 14. h3
Na6 15. Nce2 1/2-1/2

[Event "XII. DBMM Schach"]
[Site "Berlin"]
[Date "2012.10.13"]
[Round "5.4"]
[White "Guenther, Thomas"]
[Black "Witte, Manfred"]
[Result "0-1"]
[WhiteElo "1961"]
[BlackElo "1927"]
[Annotator "br"]
[PlyCount "122"]
[EventDate "2012.??.??"]
[Source "FV Schach e.V."]
[SourceDate "2012.10.14"]
[WhiteTeam "SV Senat Berlin II"]
[BlackTeam "SV Senat Berlin III"]
[WhiteTeamCountry "GER"]
[BlackTeamCountry "GER"]

1. d4 Nf6 2. Nf3 c5 3. d5 e6 4. c4 exd5 5. cxd5 d6 6. Nc3 g6 7. e4 Bg7 8. Be2
O-O 9. O-O a6 10. a4 Bg4 11. h3 Bxf3 12. Bxf3 Nbd7 13. Be3 Qc7 14. g4 h6 15.
Qd2 Kh7 16. Be2 Rfe8 17. f3 b6 18. Kg2 c4 19. Rac1 Rab8 20. b4 b5 21. axb5 axb5
22. Ra1 Rb7 23. Ra6 Ne5 24. Rfa1 Qd7 25. Ra7 Reb8 26. R1a6 Rxa7 27. Rxa7 Rb7
28. Ra5 g5 29. Bd4 Ng6 30. Bf1 Ne8 31. Bxg7 Kxg7 32. Ne2 Ne5 33. Qd4 f6 34. Ng3
Qc7 35. Nf5+ Kh7 36. Ra3 Ng7 37. Ng3 Qe7 38. Qe3 Ng6 39. Ne2 Qe5 40. Qc3 Nf4+
41. Nxf4 Qxc3 42. Rxc3 gxf4 43. Ra3 Rc7 44. Ra2 Kg6 45. h4 Kf7 46. Kf2 Ke7 47.
Ke1 Ne8 48. Kd2 Rc8 49. Bh3 Rc7 50. Kc3 Rb7 51. Ra8 Kf7 52. g5 fxg5 53. hxg5
hxg5 54. Bg4 Nf6 55. Bf5 Kg7 56. Kd4 Nd7 57. Rd8 Ne5 58. Rxd6 Nxf3+ 59. Kc3 Ra7
60. Rd7+ Rxd7 61. Bxd7 Ne5 0-1

[Event "XII. DBMM Schach"]
[Site "Berlin"]
[Date "2012.10.13"]
[Round "5.1"]
[White "Rovenski, Evgenij"]
[Black "Behrendt, Clemens"]
[Result "0-1"]
[WhiteElo "2165"]
[BlackElo "2079"]
[Annotator "br"]
[PlyCount "130"]
[EventDate "2012.??.??"]
[Source "FV Schach e.V."]
[SourceDate "2012.10.14"]
[WhiteTeam "SK Praesident Berlin II"]
[BlackTeam "W&W Wuestenrot&Württemb. Stuttg."]
[WhiteTeamCountry "RUS"]
[BlackTeamCountry "GER"]

1. d4 Nf6 2. c4 g6 3. Nc3 d5 4. cxd5 Nxd5 5. g3 Bg7 6. Bg2 Nb6 7. Nf3 Nc6 8. e3
O-O 9. O-O e5 10. Nxe5 Nxe5 11. dxe5 Bxe5 12. Qc2 c6 13. b3 Nd5 14. Bb2 Nb4 15.
Qe2 Qd3 16. Rab1 Bf5 17. e4 Be6 18. Rfd1 Qxe2 19. Nxe2 Bxb2 20. Rxb2 Nxa2 21.
Nf4 Nc3 22. Rd3 Nb5 23. Nxe6 fxe6 24. Bh3 Rae8 25. Rd7 Rf7 26. Rbd2 Ree7 27.
Rd8+ Kg7 28. f4 e5 29. fxe5 Rxe5 30. Bg2 Rfe7 31. R2d3 Nc7 32. R8d7 Na6 33.
Rxe7+ Rxe7 34. Rd4 Kf6 35. Kf2 Ke5 36. Ke3 Nc5 37. b4 Nd7 38. Rc4 Nf6 39. Rc5+
Kd6 40. Rc1 Nd5+ 41. Kd4 Nxb4 42. Rd1 a5 43. Kc4+ Kc7 44. Rf1 Kb8 45. h4 Rd7
46. e5 Re7 47. Re1 Kc7 48. Re2 b6 49. Bh3 Na6 50. e6 Nc5 51. Re1 Re8 52. Re2
Kd8 53. Rd2+ Ke7 54. Rb2 Rb8 55. Rf2 Rf8 56. Rb2 Na4 57. Rb3 b5+ 58. Kd4 Rd8+
59. Ke5 Rd5+ 60. Kf4 Nc5 61. Rc3 Nxe6+ 62. Bxe6 Kxe6 63. Rxc6+ Rd6 64. Rc7 Rd7
65. Rc5 Rd4+ 0-1

[Event "XII. DBMM Schach"]
[Site "Berlin"]
[Date "2012.10.13"]
[Round "5.2"]
[White "Uhlarz, Joerg"]
[Black "Artukovic, Adis"]
[Result "0-1"]
[WhiteElo "1780"]
[BlackElo "2020"]
[Annotator "br"]
[PlyCount "144"]
[EventDate "2012.??.??"]
[Source "FV Schach e.V."]
[SourceDate "2012.10.14"]
[WhiteTeam "W&W Wuestenrot&Württemb. Stuttg."]
[BlackTeam "SK Praesident Berlin II"]
[WhiteTeamCountry "GER"]
[BlackTeamCountry "RUS"]

1. d4 g6 2. c4 Bg7 3. Nc3 Nf6 4. Nf3 O-O 5. g3 d6 6. Bg2 c6 7. O-O Nbd7 8. Qb3
Qb6 9. Bg5 h6 10. Be3 Ng4 11. Bd2 e5 12. Ne4 Qxb3 13. axb3 d5 14. Nd6 e4 15. h3
exf3 16. Bxf3 Ngf6 17. cxd5 cxd5 18. Rfc1 Ne4 19. Bxe4 dxe4 20. Rc7 Nb6 21.
Nxc8 Rfxc8 22. Rxb7 Bxd4 23. Bxh6 Bxb2 24. Ra2 Bg7 25. Be3 Nd5 26. Bxa7 Bd4 27.
e3 Bxa7 28. Raxa7 Rxa7 29. Rxa7 Rb8 30. Rd7 Nf6 31. Rd4 Rxb3 32. g4 g5 33. Kg2
Kg7 34. Kg3 Rb2 35. Ra4 Rb6 36. Ra5 Kg6 37. Rc5 Re6 38. Ra5 Nd7 39. Rb5 Ne5 40.
Rb8 Nd3 41. Rd8 Rf6 42. Rg8+ Kh7 43. Re8 Rf3+ 44. Kg2 Rxf2+ 45. Kg1 Rf3 46.
Rxe4 Rxh3 47. Kg2 Rh4 48. Kg3 Rh6 49. Rd4 Nc5 50. e4 Ne6 51. Ra4 Nf4 52. e5 Re6
53. Ra5 Nd3 54. Kf3 Nxe5+ 55. Kg3 f6 56. Ra7+ Kg6 57. Ra8 Rd6 58. Ra4 Rd3+ 59.
Kf2 Rf3+ 60. Kg2 Rf4 61. Ra8 Rxg4+ 62. Kh3 Rb4 63. Ra3 f5 64. Ra6+ Kh5 65. Ra5
g4+ 66. Kg3 f4+ 67. Kg2 Re4 68. Kf2 g3+ 69. Kg2 Kg4 70. Ra1 f3+ 71. Kh1 Kh3 72.
Rb1 f2 0-1

[Event "XII. DBMM Schach"]
[Site "Berlin"]
[Date "2012.10.13"]
[Round "5.3"]
[White "Vogel, Tobias"]
[Black "Liebersbach, Siegmund"]
[Result "1/2-1/2"]
[WhiteElo "1945"]
[BlackElo "1726"]
[Annotator "br"]
[PlyCount "147"]
[EventDate "2012.??.??"]
[Source "FV Schach e.V."]
[SourceDate "2012.10.14"]
[WhiteTeam "SK Praesident Berlin II"]
[BlackTeam "W&W Wuestenrot&Württemb. Stuttg."]
[WhiteTeamCountry "RUS"]
[BlackTeamCountry "GER"]

1. d4 Nf6 2. Bf4 e6 3. Nf3 c5 4. e3 Nc6 5. c3 d5 6. Nbd2 cxd4 7. cxd4 Bd7 8. a3
Be7 9. h3 Rc8 10. Bd3 O-O 11. O-O h6 12. b4 a6 13. Nb3 Ne4 14. Re1 Na7 15. Nc5
Nxc5 16. bxc5 Bb5 17. a4 Bxd3 18. Qxd3 Nc6 19. Rab1 Na5 20. Rb6 Qd7 21. Qc3 Nc4
22. Ne5 Nxe5 23. Bxe5 Rc6 24. Rb3 f6 25. Bg3 e5 26. Qb2 Rf7 27. Rb1 Rc7 28.
dxe5 Rxc5 29. Rxb7 Qf5 30. exf6 Bxf6 31. Rb8+ Kh7 32. Qb6 d4 33. e4 Qh5 34.
Qxa6 Rc3 35. R8b5 Qg6 36. e5 Bg5 37. Rb6 Qe4 38. e6 Rf6 39. Rd1 d3 40. Rd6 d2
41. f3 Qg6 42. Kh2 Rc1 43. R1xd2 Bxd2 44. Rxd2 Rxe6 45. Qb5 Rb6 46. Qd3 Rbb1
47. Qxg6+ Kxg6 48. Be5 Re1 49. f4 Rh1+ 50. Kg3 Rb3+ 51. Kf2 Ra3 52. Rd4 Rc1 53.
Rd7 Rc2+ 54. Kg1 Rxa4 55. Rxg7+ Kf5 56. Kh2 Raa2 57. h4 Re2 58. Rg3 Rac2 59.
Rg8 Re1 60. Bg7 Rc6 61. Be5 Rc2 62. Rg3 Rec1 63. Rg7 Re1 64. Rf7+ Kg4 65. Rg7+
Kf5 66. Kg3 Ree2 67. Rf7+ Ke4 68. Bg7 Re3+ 69. Kh2 Ree2 70. Re7+ Kxf4 71. Bxh6+
Kg4 72. Rxe2 Rxe2 73. Bg5 Rc2 74. Bd8 1/2-1/2

[Event "XII. DBMM Schach"]
[Site "Berlin"]
[Date "2012.10.13"]
[Round "5.4"]
[White "Krambeer, Bernd"]
[Black "Kostyuchenko, Dmitry"]
[Result "0-1"]
[WhiteElo "1644"]
[BlackElo "1900"]
[Annotator "br"]
[PlyCount "89"]
[EventDate "2012.??.??"]
[Source "FV Schach e.V."]
[SourceDate "2012.10.14"]
[WhiteTeam "W&W Wuestenrot&Württemb. Stuttg."]
[BlackTeam "SK Praesident Berlin II"]
[WhiteTeamCountry "GER"]
[BlackTeamCountry "RUS"]

1. e4 e6 2. d4 d5 3. Nc3 Bb4 4. e5 c5 5. a3 Bxc3+ 6. bxc3 Ne7 7. Nf3 Qa5 8. Bd2
Qa4 9. dxc5 Nd7 10. Be3 Nc6 11. Bd4 Qa5 12. Qd2 Nxc5 13. Bxc5 Qxc5 14. Bd3 h6
15. O-O Bd7 16. Rfb1 Na5 17. Rb4 Rc8 18. Rg4 Qxc3 19. Qxc3 Rxc3 20. Rxg7 Ba4
21. Ra2 Bb3 22. Rb2 Bc4 23. Bxc4 Rxc4 24. h3 Ra4 25. Ra2 Nc4 26. Rg4 Ke7 27.
Nd4 a6 28. Nb3 Rxa3 29. Rxa3 Nxa3 30. Nc5 Rb8 31. c3 Nb5 32. c4 dxc4 33. Rxc4
Rc8 34. Rc1 b6 35. Nb3 Rxc1+ 36. Nxc1 Kd7 37. Kf1 Kc6 38. Ke2 Kd5 39. f4 Ke4
40. Nd3 Nc3+ 41. Kd2 Nd5 42. Nf2+ Kxf4 43. Ng4 h5 44. Nh6 Kxe5 45. Nxf7+ {Rest
unleserlich.} 0-1

[Event "XII. DBMM Schach"]
[Site "Berlin"]
[Date "2012.10.13"]
[Round "5.1"]
[White "Trebbin, Wolfhard"]
[Black "Feikes, Joerg"]
[Result "1/2-1/2"]
[WhiteElo "1960"]
[BlackElo "1949"]
[Annotator "br"]
[PlyCount "33"]
[EventDate "2012.??.??"]
[Source "FV Schach e.V."]
[SourceDate "2012.10.14"]
[WhiteTeam "SG Bund Berlin II"]
[BlackTeam "BA Berlin Tempelhof"]
[WhiteTeamCountry "GER"]
[BlackTeamCountry "GER"]

1. Nf3 d5 2. d4 e6 3. g3 f5 4. Bg2 Nf6 5. Nbd2 Bd6 6. c4 c6 7. O-O O-O 8. e3
Nbd7 9. Qc2 Qe8 10. a4 Ne4 11. b3 Rf6 12. Ne1 Qh5 13. Bf3 Qh6 14. Bg2 g5 15.
Nxe4 fxe4 16. f3 exf3 17. Rxf3 1/2-1/2

[Event "XII. DBMM Schach"]
[Site "Berlin"]
[Date "2012.10.13"]
[Round "5.2"]
[White "Kettenburg, Stefan"]
[Black "Hoffbauer, Joerg"]
[Result "1/2-1/2"]
[WhiteElo "2033"]
[BlackElo "1744"]
[Annotator "br"]
[PlyCount "48"]
[EventDate "2012.??.??"]
[Source "FV Schach e.V."]
[SourceDate "2012.10.14"]
[WhiteTeam "BA Berlin Tempelhof"]
[BlackTeam "SG Bund Berlin II"]
[WhiteTeamCountry "GER"]
[BlackTeamCountry "GER"]

1. d4 b6 2. c4 Bb7 3. Nc3 e6 4. e4 Bb4 5. f3 f5 6. exf5 Nh6 7. fxe6 Nf5 8.
exd7+ Nxd7 9. Bf4 O-O 10. Qd3 Qh4+ 11. g3 Qe7+ 12. Nge2 Nxd4 13. O-O-O Nxe2+
14. Qxe2 Qf7 15. Bg2 Bxc3 16. bxc3 Rae8 17. Qd2 Nc5 18. Rhe1 Rxe1 19. Rxe1 Qxc4
20. Bf1 Qf7 21. Qd4 Bd5 22. c4 Bxf3 23. Bh3 Kh8 24. Bg5 Qh5 {Rest unleserlich.}
1/2-1/2

[Event "XII. DBMM Schach"]
[Site "Berlin"]
[Date "2012.10.13"]
[Round "5.3"]
[White "Roth, Joachim"]
[Black "Koerlin, Hans Juergen"]
[Result "1-0"]
[WhiteElo "1823"]
[BlackElo "1864"]
[Annotator "br"]
[PlyCount "57"]
[EventDate "2012.??.??"]
[Source "FV Schach e.V."]
[SourceDate "2012.10.14"]
[WhiteTeam "SG Bund Berlin II"]
[BlackTeam "BA Berlin Tempelhof"]
[WhiteTeamCountry "GER"]
[BlackTeamCountry "GER"]

1. c4 e5 2. g3 Nc6 3. Bg2 f5 4. Nc3 Nf6 5. d3 Bc5 6. e3 d6 7. Nge2 O-O 8. O-O
Qe8 9. d4 Bb6 10. b3 Qh5 11. Nd5 f4 12. exf4 Bg4 13. f3 Nxd4 14. Nxb6 Nxf3+ 15.
Rxf3 Bxf3 16. Bxf3 Qxf3 17. Nxa8 Ne4 18. Qf1 Qd3 19. Bb2 exf4 20. gxf4 Qe3+ 21.
Kg2 Qd2 22. Bd4 c5 23. Rd1 Qxa2 24. Qf3 Nd2 25. Qd5+ Kh8 26. Bxg7+ Kxg7 27.
Rxd2 Qxb3 28. Nc7 Rf6 29. Ne8+ 1-0

[Event "XII. DBMM Schach"]
[Site "Berlin"]
[Date "2012.10.13"]
[Round "5.4"]
[White "Baranowsky, Peter"]
[Black "Schmid, Juergen"]
[Result "1-0"]
[WhiteElo "1886"]
[BlackElo "2008"]
[Annotator "br"]
[PlyCount "33"]
[EventDate "2012.??.??"]
[Source "FV Schach e.V."]
[SourceDate "2012.10.14"]
[WhiteTeam "BA Berlin Tempelhof"]
[BlackTeam "SG Bund Berlin II"]
[WhiteTeamCountry "GER"]
[BlackTeamCountry "GER"]

1. e4 d6 2. d4 Nf6 3. Nc3 c6 4. Nf3 Bg4 5. Be3 Qa5 6. Qd2 b5 7. Bd3 Nbd7 8. O-O
b4 9. Ne2 Bxf3 10. gxf3 Qh5 11. Ng3 Qh3 12. Rfe1 e5 13. d5 cxd5 14. exd5 h6 15.
Qxb4 Rb8 16. Qa4 g6 17. Bf1 1-0

[Event "XII. DBMM Schach"]
[Site "Berlin"]
[Date "2012.10.13"]
[Round "5.2"]
[White "Duric, Rajko"]
[Black "Bumes, Konrad"]
[Result "0-1"]
[WhiteElo "1694"]
[BlackElo "1911"]
[Annotator "br"]
[PlyCount "64"]
[EventDate "2012.??.??"]
[Source "FV Schach e.V."]
[SourceDate "2012.10.14"]
[WhiteTeam "Bayer Berlin"]
[BlackTeam "Europ. Patentamt MUC II"]
[WhiteTeamCountry "GER"]
[BlackTeamCountry "GER"]

1. e4 d5 2. exd5 Qxd5 3. Nc3 Qa5 4. d4 Nf6 5. Qd3 c6 6. Bd2 Qc7 7. g3 e6 8. Bf4
Bd6 9. Bxd6 Qxd6 10. Ne4 Nxe4 11. Qxe4 Qb4+ 12. Kd1 Qxb2 13. Rc1 Qxa2 14. Qe5
O-O 15. Bd3 Qd5 16. Qxd5 cxd5 17. Ne2 Nc6 18. c3 Bd7 19. f4 Na5 20. Rb1 Rfb8
21. Ke1 Nc4 22. Kf2 b5 23. Nc1 a5 24. Nb3 Bc6 25. Rhe1 g6 26. Bxc4 dxc4 27. Nc5
b4 28. Re3 b3 29. Ne4 Bxe4 30. Rxe4 a4 31. Re5 a3 32. Rc5 a2 0-1

[Event "XII. DBMM Schach"]
[Site "Berlin"]
[Date "2012.10.13"]
[Round "5.3"]
[White "Santos, Paulo"]
[Black "Abraham, Helmut"]
[Result "1/2-1/2"]
[WhiteElo "1866"]
[BlackElo "1481"]
[Annotator "br"]
[PlyCount "84"]
[EventDate "2012.??.??"]
[Source "FV Schach e.V."]
[SourceDate "2012.10.14"]
[WhiteTeam "Europ. Patentamt MUC II"]
[BlackTeam "Bayer Berlin"]
[WhiteTeamCountry "GER"]
[BlackTeamCountry "GER"]

1. e4 c5 2. Nc3 e6 3. g3 Nc6 4. Bg2 Be7 5. d3 Nf6 6. f4 d5 7. exd5 Nxd5 8. Nf3
O-O 9. O-O b6 10. Bd2 Bb7 11. Qe2 Qc7 12. Ne4 Nd4 13. Nxd4 cxd4 14. Rac1 Rad8
15. h3 Nf6 16. g4 Nxe4 17. dxe4 f5 18. gxf5 exf5 19. exf5 Bc5 20. Qe6+ Kh8 21.
b4 Bxg2 22. Kxg2 Rfe8 23. Qc4 Qb7+ 24. Kg3 Be7 25. Rce1 Bf6 26. Re6 Re7 27.
Rfe1 h5 28. Rxe7 Bxe7 29. Qf7 h4+ 30. Kf2 Rd7 31. b5 d3 32. Qh5+ Kg8 33. cxd3
Bc5+ 34. Be3 Rxd3 35. Bxc5 Rd2+ 36. Re2 Rxe2+ 37. Kxe2 bxc5 38. Qe8+ Kh7 39.
Qc6 Qe7+ 40. Kd3 Qd8+ 41. Ke2 Qd4 42. Qg6+ Kg8 1/2-1/2

[Event "XII. DBMM Schach"]
[Site "Berlin"]
[Date "2012.10.13"]
[Round "5.4"]
[White "Harre, Michael"]
[Black "Tokic, Branko"]
[Result "0-1"]
[WhiteElo "1409"]
[BlackElo "1681"]
[Annotator "br"]
[PlyCount "66"]
[EventDate "2012.??.??"]
[Source "FV Schach e.V."]
[SourceDate "2012.10.14"]
[WhiteTeam "Bayer Berlin"]
[BlackTeam "Europ. Patentamt MUC II"]
[WhiteTeamCountry "GER"]
[BlackTeamCountry "GER"]

1. d4 e6 2. c4 d5 3. e3 Nf6 4. Nc3 b6 5. cxd5 Nxd5 6. Nxd5 exd5 7. Nf3 Bd6 8.
h3 O-O 9. Be2 Bf5 10. Bd2 Nd7 11. Rc1 c5 12. Bc3 Be6 13. a3 a6 14. Qd2 c4 15.
Bb4 Bxb4 16. axb4 b5 17. O-O a5 18. Qc3 Qb6 19. b3 Nf6 20. bxa5 Rxa5 21. bxc4
bxc4 22. Rb1 Qa6 23. Ra1 Ra8 24. Rxa5 Qxa5 25. Qxa5 Rxa5 26. Rb1 h6 27. Rc1 Ne4
28. Ne1 Ra2 29. Kf1 Nd2+ 30. Kg1 Nb3 31. Rc2 Ra1 32. Kf1 Bf5 33. Rc3 Nd2+ 0-1

[Event "XII. DBMM Schach"]
[Site "Berlin"]
[Date "2012.10.13"]
[Round "5.1"]
[White "Kaliski, Achim"]
[Black "Blum, Norbert"]
[Result "1/2-1/2"]
[WhiteElo "2001"]
[BlackElo "2016"]
[Annotator "br"]
[PlyCount "26"]
[EventDate "2012.??.??"]
[Source "FV Schach e.V."]
[SourceDate "2012.10.14"]
[WhiteTeam "Baubehoerde Hamburg II"]
[BlackTeam "Sparkassenvers. Stuttgart"]
[WhiteTeamCountry "GER"]
[BlackTeamCountry "GER"]

1. e4 e6 2. d4 d5 3. exd5 exd5 4. Bd3 Bd6 5. Ne2 Ne7 6. Bg5 Nbc6 7. c3 O-O 8.
O-O Bg4 9. Qd2 h6 10. Bh4 Qd7 11. Bg3 Bf5 12. Bxd6 Bxd3 13. Qxd3 Qxd6 1/2-1/2